000 01019nam a2200241 a 4500
001 000024138
005 20200930022741.0
008 110119s1970 ag 000 0 spa d
040 _aDO-SdBNP
_bspa
_cBNPHU
041 1 7 _aspa
_heng
_2Código de idiomas MARC
082 _ann*
_bnn*
100 1 _aHarmer, Earl W.
_949560
240 1 0 _aInstructional strategies for student teachers.
_lEspañol
245 1 3 _aLa práctica de la enseñanza :
_bprimeros pasos del practicante y del docente /
_cEarl W. Harmer ; traducción de Juan Jorge Thomas.
260 _aBuenos Aires :
_bCentro Regional de Ayuda Técnica. Agencia para el Desarrollo Internacional ;
_bKapelusz,
_c1970.
300 _a143 p. ;
_c23 cm.
490 1 _aBiblioteca de Cultura Pedagógica.
_v116
534 _aTítulo de la edición original :
_tInstructional strategies for student teachers
504 _aBibliografía : 142-143 p.
700 1 _aThomas, Juan Jorge,
_etr.
_949561
830 0 _aBiblioteca de Cultura Pedagógica
_v116
_929172
049 _aBNGR
999 _c23632
_d23632